01455nam a2200289 a 450000100100000000500170001000800410002704000250006808200210009310000350011424500580014925000120020726000460021930000280026550000640029350400330035759000260039065000550041665000630047165000640053491000380059895201340063695201340077095201190090495201250102399900170114800003891120201002031421.0130503s2003 dr a 001 0 spa d aDO-SdBNPbspacBNPHU a510bL462f, 20031 aLeclerc J., Luis Rafael92056310aFundamentos de matemática /cLuis Rafael Leclerc J. a3a. ed. aSanto Domingo :bGráficas ITESA,c2003. a413 p. :bil. ;c22 cm. aIncluye datos biográficos del autor en la contracubierta. aBibliografía : p. 410-413. aInventariado, 2018/BT 4aMatemáticasxProblemas y ejercicios, etc.920564 4aTeoría de conjuntosxProblemas y ejercicios, etc.920565 4aTeoría de ecuacionesxProblemas y ejercicios, etc.920566 aValidado. Control de calidad. EMS 001054708DSaGRbGRcHDd2014-04-01iLF1l0o510 L462f, 2003p38911-30r2020-06-25te. 3w2020-06-25yLFDSZPréstamo en sala 001054708DSaGRbGRcHDd2018-05-04iLF1l0o510 L462f, 2003p38911-40r2020-06-25te. 4w2020-06-25yLFDSZPréstamo en sala 0010718PDaPDbPDcHDd2013-05-03iLF1l0o510 L462f, 2003p38911-10r2020-06-25w2020-06-25yLFPDZNo se presta 0010718PDaPDbPDcHDd2013-05-10iLF1l0o510 L462f, 2003p38911-20r2020-06-25te. 2w2020-06-25yLFPDZNo se presta c38401d38401